Meddle About - Chase Atlantic - Statistics

General Stats
  • This quiz has been taken 39 times
  • The average score is 304 of 330
Answer Stats
Answer % Correct
a
100%
about
100%
back
100%
Back
100%
get
100%
got
100%
house
100%
house,
100%
I
100%
it
100%
it's
100%
It's
100%
just
100%
me
100%
meddle
100%
Meddle
100%
my
100%
of
100%
on
100%
So
100%
so
100%
to
100%
We
100%
we
100%
You
100%
you
100%
and
95%
Baby,
95%
come
95%
Come
95%
could
95%
day
95%
down
95%
figure
95%
getting
95%
harder
95%
knees
95%
No
95%
now
95%
Now,
95%
only
95%
other
95%
out
95%
show
95%
the
95%
type
95%
way
95%
already
90%
around
90%
But
90%
each
90%
feeling
90%
met
90%
some
90%
speech
90%
take
90%
turn
90%
what
90%
you're
90%
breathe
85%
'Cause
85%
doing
85%
Girl,
85%
oh
85%
Oh,
85%
see
85%
Tell
80%
can
75%
confess
75%
if
75%
scream
75%
undress
75%
wanna
75%
hear
70%
I'd
70%
not
70%
thinking
55%
Well,
55%
Woah
50%
woah
50%
ooh
30%
(hey)
20%
No matching quizzes found
Score Distribution
Percent of People with Each Score
Percentile by Number Answered
Your Score History
You have not taken this quiz